000
00290nam a22001337a 4500
008
170401b xxu||||| |||| 00| 0 eng d
020
_a
9780321042903
041
_a
eng
080
_2
6TH
_a
574
100
_a
9
101
_a
SHM
245
_a
ECOLOGY & FIELD BIOLOGY
_c
SMITH
942
_2
udc
_c
BK
999
_c
9435
_d
9435